01655nam a2200301Ia 4500952011200000952011200112952010900224952010900333952011400442999001700556008004100573020001500614050002100629100004300650245009100693260003800784300001800822500003000840504002800870505014700898519005201045519012601097650001901223650003601242650002801278700003501306942001201341 00104070a08b08d2009-02-05l18m3oBF503 H47 2002p08 002461r2019-02-06s2019-02-06t1w2012-07-20yLB 00104070a08b08d2009-03-27l11m2oBF503 H47 2002p08 002462r2019-02-18s2019-02-18t2w2012-07-20yLB 00104070a08b08d2009-03-27l21oBF503 H47 2002p08 002463r2023-07-20s2023-07-20t3w2012-07-20yLB 00104070a08b08d2010-03-03l10oBF503 H47 2002p08 003437r2018-09-28s2018-09-28t4w2012-07-20yLB 00102lcc4070a08b08d2016-07-14l12oBF503 H47 2002p08 002518r2019-09-09s2019-09-09t5w2016-07-14yLB c82152d82152120721s2002 mx 000 0 spa d a970638164314aBF503 bH47 200210aHernández Martínez, Vicenteeautor10aDesarrollo motivacionalc / A. Vicente Hernández Martínez, Jorge H. Clavijo Rojas3 aMéxico b: Nueva Imagenc, 2002 a119 páginas aCancionero (pp. 115-118)  aBibliografía (p. 119) aIntroducción a la creatividad Herramientas del pensamiento creativo Toma de decisiones. Ejercicios de consolidación Perfil del emprendedor aMaterial complementariod(08 002518, 08 003437) aBach Tec /bBachillerato en Informática Administrativa /cDesarrollo motivacional / d(08 002461, 08 002462, 08 002463)14aMOTIVACIÓN 24aTRABAJO - ASPECTOS PSICOLOGICOS34aTRABAJO - PRODUCTIVIDAD aClavijo Rivas, Jorge H.eautor 2lcccLB